000
00304nam a22001457a 4500
008
221108b ||||| |||| 00| 0 eng d
020
_a
0669889717
041
_a
eng
080
_a
159.9
082
_a
159.9
100
_a
25
101
_a
PSI
245
_a
CHILD PSYCHOLOGY
_c
MEYER W
942
_2
udc
_c
BK
999
_c
58779
_d
58779